Dan Flavin : (Record no. 30297)
[ view plain ]
| 000 -LEADER | |
|---|---|
| fixed length control field | 01156nam a2200313 i 4500 |
| 001 - CONTROL NUMBER | |
| control field | 017945941 |
| 003 - CONTROL NUMBER IDENTIFIER | |
| control field | EG-ScBUE |
| 005 - DATE AND TIME OF LATEST TRANSACTION | |
| control field | 20230409104208.0 |
| 008 - FIXED-LENGTH DATA ELEMENTS--GENERAL INFORMATION | |
| fixed length control field | 160715s2016 enka f b 000 0beng d |
| 020 ## - INTERNATIONAL STANDARD BOOK NUMBER | |
| International Standard Book Number | 9781911155010 (paperback) |
| 040 ## - CATALOGING SOURCE | |
| Original cataloging agency | StDuBDS |
| Language of cataloging | eng |
| Description conventions | rda |
| Transcribing agency | StDuBDS |
| Modifying agency | Uk |
| -- | EG-ScBUE |
| 082 04 - DEWEY DECIMAL CLASSIFICATION NUMBER | |
| Classification number | 709.2 |
| Edition number | 22 |
| Item number | DAN |
| 245 00 - TITLE STATEMENT | |
| Title | Dan Flavin : |
| Remainder of title | 'It is what it is and it ain't nothing else' / |
| Statement of responsibility, etc | text by Jeffrey Weiss. |
| 264 #1 - PUBLICATION, DISTRIBUTION, ETC. (IMPRINT) | |
| Place of publication, distribution, etc | Birmingham : |
| Name of publisher, distributor, etc | Ikon Gallery, |
| Date of publication, distribution, etc | [2016] |
| 300 ## - PHYSICAL DESCRIPTION | |
| Extent | 39 pages : |
| Other physical details | illustrations (colour) ; |
| Dimensions | 29 cm |
| 336 ## - CONTENT TYPE | |
| Content type term | text |
| Source | rdacontent |
| Content type code | txt |
| 336 ## - CONTENT TYPE | |
| Content type term | still image |
| Source | rdacontent |
| Content type code | txt |
| 337 ## - MEDIA TYPE | |
| Media type term | unmediated |
| Source | rdamedia |
| Media type code | n |
| 338 ## - CARRIER TYPE | |
| Carrier type term | volume |
| Source | rdacarrier |
| Carrier type code | nc |
| 500 ## - GENERAL NOTE | |
| General note | Published to accompany the exhibition of the same name held at Ikon Gallery, 13th April-26th June 2016. |
| 504 ## - BIBLIOGRAPHY, ETC. NOTE | |
| Bibliography, etc | Includes bibliographical references. |
| 600 17 - SUBJECT ADDED ENTRY--PERSONAL NAME | |
| Personal name | Flavin, Dan, |
| Dates associated with a name | 1933-1996 |
| Form subdivision | Exhibitions. |
| Source of heading or term | BUEsh |
| 650 #7 - SUBJECT ADDED ENTRY--TOPICAL TERM | |
| Topical term or geographic name as entry element | Light art |
| Form subdivision | Exhibitions. |
| Source of heading or term | BUEsh |
| 653 ## - INDEX TERM--UNCONTROLLED | |
| Resource For college | Arts and Design |
| Arrived date list | April2023 |
| 655 ## - INDEX TERM--GENRE/FORM | |
| Form subdivision | Reading book |
| 700 12 - ADDED ENTRY--PERSONAL NAME | |
| Personal name | Flavin, Dan, |
| Dates associated with a name | 1933-1996. |
| Title of a work | Works. |
| Form subheading | Selections. |
| 700 1# - ADDED ENTRY--PERSONAL NAME | |
| Personal name | Weiss, Jeffrey S., |
| Relator term | author. |
| 942 ## - ADDED ENTRY ELEMENTS (KOHA) | |
| Source of classification or shelving scheme | Dewey Decimal Classification |
| Koha item type | Book - Borrowing |
| Withdrawn status | Lost status | Source of classification or shelving scheme | Damaged status | Not for loan | Collection code | Home library | Current library | Shelving location | Date acquired | Source of acquisition | Cost, normal purchase price | Serial Enumeration / chronology | Total Checkouts | Full call number | Barcode | Date last seen | Cost, replacement price | Price effective from | Koha item type |
|---|---|---|---|---|---|---|---|---|---|---|---|---|---|---|---|---|---|---|---|
| Dewey Decimal Classification | Baccah | Central Library | Central Library | Second Floor | 09/04/2023 | Purchase | 538.00 | 37311 | 709.2 DAN | 000044947 | 15/07/2025 | 672.50 | 09/04/2023 | Book - Borrowing |